00751nam a22002177a 4500003000500000005001700005008004100022010001100063011001100074035001100085040000900096082001500105245008600120260006500206300002100271500009200292534006400384650001100448650004000459700003400499CHAP20220329143816.0110920s1975 us a r 00010 spa d a102150 a103122 a113811 cCHAP04a634.5bM3100aManual de manejo de huertos de nogal en Texasc/editado por George Ray Mc Eachern aTexas :bUniversidad Agrícola y Mecánica de Texas,c1975 a162 p. :btablas aRecopilado en las actas del curso corto de manejo de huertos de nogal en Texas en 1975. pTít. original :tTexas pecan orchard management handbook.14aNogal.14aPlantación de árboles frutales.1 aMc Eachern, George Raye, ed.